Diálogo XXV curso sobre manejo y control de plagas en maíz y sorgo
Wedi'i Gadw mewn:
| Prif Awdur: | |
|---|---|
| Fformat: | Llyfr |
| Iaith: | Sbaeneg |
| Cyhoeddwyd: |
Montevideo
IICA
1988
|
| Pynciau: | |
| Tagiau: |
Ychwanegu Tag
Dim Tagiau, Byddwch y cyntaf i dagio'r cofnod hwn!
|
MARC
| LEADER | 00000nam a2200000 a 4500 | ||
|---|---|---|---|
| 001 | UCV7382 | ||
| 003 | CL-VaPUC | ||
| 008 | 911008e19880000UY |||||||||||||||||spa|d | ||
| 082 | 0 | 4 | |a 633.1599 |b PUI |2 21 |
| 100 | 0 | |a Puignau, Juan P |e author |9 301486 | |
| 245 | 1 | 0 | |a Diálogo XXV curso sobre manejo y control de plagas en maíz y sorgo |
| 246 | 1 | 0 | |a Manejo y control de plagas en maíz y sorgo |
| 300 | |a 75 p | ||
| 942 | |c BK | ||
| 945 | |d 19911008 00:00:00 | ||
| 260 | |a Montevideo |b IICA |c 1988 | ||
| 650 | 7 | |a MAIZ CONTROL |2 CL-VaPUC |9 264719 | |
| 650 | 7 | |a SORGO CONTROL |2 CL-VaPUC |9 264720 | |
| 583 | |a last modification |c 19911008 00:00:00 |k Rodrigo Vera | ||
| 999 | |c 213069 |d 213067 | ||